000 01114cam a2200313 a 4500
001 16224638
003 OSt
005 20140310182745.0
008 100510s2011 nyuab b 001 0 eng
010 _a 2010019201
020 _a9780071325783
040 _aDLC
_cDLC
_dDLC
050 0 0 _aHD 30.4
_b.C776 2011
100 1 _aCooper, Donald R.
245 1 0 _aBusiness research methods /
_cDonald R. Cooper, Pamela S. Schindler.
250 _a11th ed.
260 _aNew York :
_bMcGraw-Hill/Irwin,
_c2011.
300 _a761 p. :
_bill. (mostly col.), map ;
_c29 cm.
490 0 _aThe McGraw-Hill/Irwin series in operations and decision sciences
504 _aIncludes bibliographical references (p. 688-713) and indexes.
521 _aBSBA
562 _eFor Circulation. 1 Copy Available in the Collection
650 0 _aIndustrial management
_xResearch.
700 1 _aSchindler, Pamela S.
906 _a7
_bcbc
_corignew
_d1
_eecip
_f20
_gy-gencatlg
942 _2lcc
_cBK
_kFOR
999 _c15641
_d15641